Diccionario de la fotografía : técnica, arte, diseño /
Zapisane w:
| 1. autor: | |
|---|---|
| Format: | Książka |
| Język: | hiszpański |
| Wydane: |
Barcelona, España :
Blume,
1982, c1982
|
| Seria: | (Libros de Arte de Bolsillo ;
11) |
| Hasła przedmiotowe: | |
| Etykiety: |
Nie ma etykietki, Dołącz pierwszą etykiete!
|
MARC
| LEADER | 00000nam^a2200000^a^4500 | ||
|---|---|---|---|
| 001 | 000318493 | ||
| 005 | 20250521000000.0 | ||
| 009 | 20260310113413.989 | ||
| 020 | |a 84-7031-479-3 | ||
| 037 | |a Acervo ITESO - Biblioteca | ||
| 041 | |a ESP | ||
| 082 | |a 770. 3 |b SCH | ||
| 100 | |a Schöttle, Hugo |e (autor) | ||
| 245 | 1 | 0 | |a Diccionario de la fotografía : |b técnica, arte, diseño / |c H. Schöttle ; tr. por Mariano de la Cruz. |
| 264 | 4 | |a Barcelona, España : |b Blume, |c 1982, c1982 | |
| 300 | |a 357 p. | ||
| 336 | |a texto |b txt |2 rdacontenido | ||
| 337 | |a sin mediación |b n |2 rdamedio | ||
| 338 | |a volumen |b nc |2 rdasoporte | ||
| 440 | 1 | |a (Libros de Arte de Bolsillo ; |v 11) | |
| 500 | |a Traducción de: Lexikon der Fotografie | ||
| 649 | |a XX | ||
| 650 | |a Fotografía - |x Enciclopedias y Diccionarios - |x Tema Principal | ||
| 650 | |a Fotografía - |x Materiales y Equipo | ||
| 650 | |a Fotografía - |x Técnica - |x Tema Principal | ||
| 650 | |a Comunicación Visual | ||
| 650 | |a Arte - |x Historia y Crítica | ||
| 650 | |a Enciclopedias y Diccionarios | ||
| 910 | |a Fondo General | ||
| 920 | |a Impresos - Libros | ||
| 930 | |a Obras de Referencia | ||
| 905 | |a 102 | ||
| 901 | |a 0500205805 |b IT2 |c REF |u 20250521 | ||
| 902 | |a https://opac.biblio.iteso.mx/vufind/Record/000318493 | ||